| 000 | 00332nam a22001217a 4500 | ||
|---|---|---|---|
| 008 | 181129b xxu||||| |||| 00| 0 eng d | ||
| 041 | _aeng | ||
| 080 | _a043.3 | ||
| 100 | _a0 | ||
| 101 | _aMTH-MBE | ||
| 245 |
_aProgress and analysis of the budget of the municipality of Gjakova for period 2007-2011 _cGrezda,M.H |
||
| 942 |
_2udc _cBK |
||
| 999 |
_c52643 _d52643 |
||